000
00245nam a2200097Ia 4500
001
705794
005
20250826162437.0
008
250824s9999 xx 000 0 und d
245
0
_a
ADEMİN KANADI
_c
YASEMİN KARAHÜSEYİN
260
_b
ŞULE YAYINLARI
999
_c
705794
_d
705794